000 00812nam a22002417a 4500
005 20170503124804.0
008 170503b mx ||||| |||| 00| 0 spa d
020 _a9789707019409
050 0 4 _aKGF2501.J9
_bB44 2007
100 1 _aBegné Guerra, Cristina
245 1 0 _aJueces y democracia en México
_c / Cristina Begné Guerra
250 _a1a ed,
260 _aMéxico :
_bMiguel Ángel Porrúa
260 _bUniversidad Nacional Autónoma de México
260 _bInstituto de Investigaciones Jurídicas,
_c2007
300 _a156 p. ;
_c21 cm.
504 _aBibliografia : p. 149-156
650 7 _2lemb
_aAdministración de justicia
_zMéxico
650 7 _2lemb
_aPoder judicial
_zMéxico
650 7 _2lemb
_aDemocracia
_zMéxico
650 7 _2lemb
_aPoder judicial
_xJueces
_zMéxico
942 _2lcc
_cLIB
999 _c95233
_d95233